"A wing schläsch"

Titel: "A wing schläsch" : Gedichte und Geschichten in einer aussterbenden Mundart / Gisela Kahlert
Verfasser:
Veröffentlicht: [Erscheinungsort nicht zu ermitteln] : Selbstverlag, Dezember 2007
Umfang: 47 Seiten : 1 Illustration
Format: Buch
Sprache: Deutsch
Schlagworte:
Kein Bild verfügbar
X
alg: 42137560
001A    $03004:20-11-17 
001B    $01999:20-11-17 $t23:09:08.000 
001C    $03004:20-11-17 $t15:56:10.000 
001D    $03004:20-11-17 
001U    $0utf8 
001X    $00 
002@    $0Aay 
002C    $aText $btxt $2rdacontent 
002D    $aohne Hilfsmittel zu benutzen $bn $2rdamedia 
002E    $aBand $bnc $2rdacarrier 
003@    $0421375604 
003O    $01012398697 $aOCoLC 
007A    $0421375604 $aHEB 
010@    $ager 
010E    $erda 
011@    $a2007 $nDezember 2007 
021A    $a"A wing schläsch" $dGedichte und Geschichten in einer aussterbenden Mundart $hGisela Kahlert 
028A    $BVerfasser $#Baumhäckel, Gisela $4aut $7137991452 $8Kahlert, Gisela$Z1943-2016 [Tp3] $9211682187 
033A    $p[Erscheinungsort nicht zu ermitteln] $nSelbstverlag 
034D    $a47 Seiten 
034M    $a1 Illustration 
044K    $RMundart $ROstmitteldeutsch $74120326-4 $8Schlesisch [Ts1] $9085383635 
044K    $RLyrik $RMundartliteratur $#Dialektlyrik $#Mundartgedicht $#Mundart Lyrik $74170749-7 $8Mundartlyrik [Ts1] $9085783714 

lok: 42137560 24

exp: 42137560 24 1 #EPN
201B/01 $023-11-17 $t14:49:58.000 
201C/01 $020-11-17 
201U/01 $0utf8 
203@/01 $01011773791 
208@/01 $a23-11-17 $bz 
209A/01 $aS 32390 $du $f050 $hS 32390 $x00 
209C/01 $a17.07055 T $h17 07055 T 
209G/01 $a73968780 $x00 
220C/01 $ahae 
247C/01 $8358050-7 Marburg, Bibliothek des Herder-Instituts Marburg $9102600961
LEADER 00000cam a22000002c 4500
001 421375604
003 DE-603
005 20171120230908.0
007 tu
008 171120s2007 xx |||| | u00||u|ger c
035 |a (DE-599)HEB421375604 
035 |a (OCoLC)1012398697 
040 |a DE-603  |b ger  |c DE-603  |d DE-603  |e rda 
041 |a ger 
100 1 |a Kahlert, Gisela  |d 1943-2016  |e Verfasser  |4 aut  |0 (DE-603)211682187  |0 (DE-588)137991452  |2 gnd 
245 0 0 |a "A wing schläsch"  |b Gedichte und Geschichten in einer aussterbenden Mundart  |c Gisela Kahlert 
264 1 |a [Erscheinungsort nicht zu ermitteln]  |b Selbstverlag  |c Dezember 2007 
300 |a 47 Seiten  |b 1 Illustration 
336 |a Text  |b txt  |2 rdacontent 
337 |a ohne Hilfsmittel zu benutzen  |b n  |2 rdamedia 
338 |a Band  |b nc  |2 rdacarrier 
650 7 |a Schlesisch  |0 (DE-588)4120326-4  |0 (DE-603)085383635  |2 gnd 
650 7 |a Mundartlyrik  |0 (DE-588)4170749-7  |0 (DE-603)085783714  |2 gnd 
924 0 |9 Mb 50  |a (DE-603)1011773791  |b DE-Mb50  |c HES  |d c  |g S 32390